| 000 | 00864cam a2200289 4500 | ||
|---|---|---|---|
| 008 | 090401t1995 xxu||||| |||| 00| 0 eng d | ||
| 020 | _a1872222471 | ||
| 035 | _a(Sirsi) u41418 | ||
| 041 | _aeng | ||
| 050 | _a692.8 | ||
| 100 | _aChappell, David | ||
| 245 | _aConstruction cases in context | ||
| 260 |
_aKnutsford _bKnowles Publications _c1995 |
||
| 300 | _a167p. ; 30cm. | ||
| 350 | _a37.5 | ||
| 650 | _aMANAGEMENT-DISPUTE AVOIDANCE, MANAGEMENT AND RESOLUTION-DISPUTE MANAGEMENT AND RESOLUTION-ARBITRATION | ||
| 650 | _aASCERTAINED DAMAGES | ||
| 650 | _aBUILT ENVIRONMENT-BUILDING CONTRACT FORMS | ||
| 650 | _aCONSTRUCTION CASES | ||
| 650 | _aCONSTRUCTION LIABILITY | ||
| 650 | _aDUTY OF CARE | ||
| 650 | _aLIQUIDATED DAMAGES | ||
| 690 | _aBUILT ENVIRONMENT-BUILDING CONTRACT FORMS | ||
| 690 | _aLAW | ||
| 942 | _n0 | ||
| 948 | _c04/03/1997 | ||
| 999 |
_c90931 _d90931 |
||